000 00492nam a2200217Ia 4500
008 101110s9999 xx 000 0 und d
041 _aENGLISH
082 _bJR2410
100 _aKalkundrikar A B
245 _aBanking law and practice
260 _c1987
300 _a0
365 _b25
520 _aCommerce
546 _aENGLISH
630 _aBanking law and practice
650 _aCommerce
655 _aCommerce
730 _aBanking law and practice
942 _cBOOK
999 _c794216
_d794213